Sử dụng bùn thải từ quá trình xử lý nước thải nhà máy sản xuất bia và chế biến thủy sản trong ủ phân hữu cơ vi sinh Luận án tiến sĩ . Chuyên ngành: Khoa học đất . Mã số: 9620103

שמור ב:
מידע ביבליוגרפי
מחבר ראשי: Nguyễn, Thị Phương
מחברים אחרים: Nguyễn, Mỹ Hoa (Hướng dẫn)
פורמט: ערכה ספר
יצא לאור: Cần Thơ Đại học Cần Thơ 2017
סדרה:ĐTTS ghi: Bộ giáo dục và đào tạo. Đại học Cần Thơ
נושאים:
תגים: הוספת תג
אין תגיות, היה/י הראשונ/ה לתייג את הרשומה!
Thư viện lưu trữ: Trung tâm Học liệu Lê Vũ Hùng, Trường Đại học Đồng Tháp
LEADER 01221ppm a22002658a 4500
001 00044769
005 20191014151022.0
008 170227s2016 ||||||Viesd
041 0 # |a Vie 
082 1 4 |a 628.4  |b S550D 
100 1 # |a Nguyễn, Thị Phương 
245 1 0 |a Sử dụng bùn thải từ quá trình xử lý nước thải nhà máy sản xuất bia và chế biến thủy sản trong ủ phân hữu cơ vi sinh  |b Luận án tiến sĩ . Chuyên ngành: Khoa học đất . Mã số: 9620103  |c Nguyễn Thị Phương ; Nguyễn Mỹ Hoa (hướng dẫn) 
260 # # |a Cần Thơ  |b Đại học Cần Thơ  |c 2017 
300 # # |a 128 tr. + phụ lục  |c 30 cm. 
490 0 # |a ĐTTS ghi: Bộ giáo dục và đào tạo. Đại học Cần Thơ 
653 # # |a Bùn thải 
653 # # |a Ủ phân 
653 # # |a Chế biến thủy sản 
653 # # |a Luận án 
653 # # |a Nhà máy sản xuất bia 
653 # # |a Nước thải 
653 # # |a Sử dụng 
700 1 # |a Nguyễn, Mỹ Hoa  |e Hướng dẫn 
852 # # |j LA.0000332 
980 # # |a Trung tâm Học liệu Lê Vũ Hùng, Trường Đại học Đồng Tháp